Advances in experimental social processes. V 1 (Record no. 34836)

MARC details
000 -LEADER
fixed length control field 00319nam a2200121Ia 4500
082 ## - DEWEY DECIMAL CLASSIFICATION NUMBER
Classification number 301.151
Item number COO
100 ## - MAIN ENTRY--AUTHOR NAME
Personal name Aiderfer, C P
245 #0 - TITLE STATEMENT
Title Advances in experimental social processes. V 1
260 ## - PUBLICATION, DISTRIBUTION, ETC. (IMPRINT)
Place of publication Chichester
Name of publisher Wiley
Year of publication x1978
700 ## - ADDED ENTRY--PERSONAL NAME
Personal name Cooper, C L
942 ## - ADDED ENTRY ELEMENTS (KOHA)
Koha item type Books
Holdings
Withdrawn status Lost status Damaged status Not for loan Home library Current library Date acquired Cost, normal purchase price Full call number Accession Number Koha item type
        RRII Library RRII Library 16/12/2021 27.50 301.151 COO 15263 Books